[Event "19th William Addison mem"]
[Site "San Francisco"]
[Date "2019.06.22"]
[Round "1.1"]
[White "Griffith, Kyron"]
[Black "Yan, Ruiyang"]
[Result "1-0"]
[WhiteElo "2336"]
[BlackElo "1941"]
[PlyCount "121"]
[EventDate "2019.06.21"]
[EventType "swiss"]
[EventRounds "5"]
[EventCountry "USA"]

1. e4 e5 2. Nf3 Nc6 3. d4 exd4 4. Nxd4 Nf6 5. Nc3 Bb4 6. Nxc6 bxc6 7. Bd3 d5 8.
exd5 cxd5 9. O-O O-O 10. Bg5 Bxc3 11. bxc3 c6 12. c4 h6 13. Bh4 d4 14. Qf3 Bd7
15. Rfe1 c5 16. Re5 Rc8 17. Rae1 Re8 18. h3 Qb6 19. Kh2 Rxe5 20. Rxe5 Re8 21.
Bxf6 gxf6 22. Qg3+ Kf8 23. Rh5 Re1 24. Rxh6 Ke7 25. h4 Qb1 26. Qf4 Rh1+ 27. Kg3
Qb6 28. Rh8 Qe6 29. Qe4 f5 30. Qxe6+ fxe6 31. f4 Bc6 32. Rh7+ Kd6 33. Rxa7 Rg1
34. h5 Rxg2+ 35. Kh3 Rg1 36. Rh7 Rh1+ 37. Kg3 Rg1+ 38. Kh4 Rg4+ 39. Kh3 Rxf4
40. h6 Rg4 41. Rg7 Bg2+ 42. Kh2 Rh4+ 43. Kxg2 Rxh6 44. a4 Rh8 45. Ra7 Rc8 46.
a5 Rc6 47. a6 Ke5 48. Be2 Kf4 49. Ra8 e5 50. a7 Ra6 51. Bd3 e4 52. Bxe4 fxe4
53. Rf8+ Ke3 54. a8=Q Rxa8 55. Rxa8 Kd2 56. Rc8 Kxc2 57. Rxc5 d3 58. Kf2 d2 59.
Rd5 d1=Q 60. Rxd1 Kxd1 61. Ke3 1-0

[Event "19th William Addison mem"]
[Site "San Francisco"]
[Date "2019.06.21"]
[Round "1.2"]
[White "Senthilkumar, Pranav"]
[Black "Ezra Paul Chambers"]
[Result "0-1"]
[WhiteElo "1878"]
[BlackElo "2226"]
[PlyCount "80"]
[EventDate "2019.06.21"]
[EventType "swiss"]
[EventRounds "5"]
[EventCountry "USA"]

1. d4 d5 2. c4 c6 3. cxd5 cxd5 4. Nf3 Nf6 5. Bf4 Nc6 6. Nc3 a6 7. e3 Bf5 8. Bd3
Bxd3 9. Qxd3 e6 10. O-O Be7 11. h3 O-O 12. Rac1 Nd7 13. a3 Nb6 14. Nd2 Rc8 15.
b4 Na7 16. Nb3 Nc4 17. Nc5 Bxc5 18. dxc5 Nxa3 19. Bd6 Re8 20. Nxd5 exd5 21.
Qxa3 Nb5 22. Qb3 Nxd6 23. cxd6 Qxd6 24. Rxc8 Rxc8 25. Rd1 h6 26. Qxd5 Qxb4 27.
Qf5 Rf8 28. Rb1 Qe7 29. Qf3 Rb8 30. Rb6 Qc7 31. Rb4 b5 32. Rg4 Kh8 33. Qd5 b4
34. Qb3 a5 35. Rf4 a4 36. Qxa4 b3 37. Rb4 Rxb4 38. Qxb4 Qc2 39. Qf8+ Kh7 40.
Qxf7 b2 0-1

[Event "19th William Addison mem"]
[Site "San Francisco"]
[Date "2019.06.21"]
[Round "1.3"]
[White "Winslow, Elliott"]
[Black "Walder, Michael"]
[Result "0-1"]
[WhiteElo "2175"]
[BlackElo "1893"]
[PlyCount "82"]
[EventDate "2019.06.21"]
[EventType "swiss"]
[EventRounds "5"]
[EventCountry "USA"]

1. e4 c5 2. Nf3 d6 3. d4 cxd4 4. Qxd4 a6 5. Be3 Bg4 6. Nc3 Nf6 7. Be2 e6 8.
O-O-O Nc6 9. Qd2 Qc7 10. Nd4 Bxe2 11. Qxe2 Be7 12. g4 b5 13. g5 Nd7 14. Qh5 g6
15. Qh3 b4 16. Nce2 e5 17. Nxc6 Qxc6 18. Qf3 O-O 19. Kb1 a5 20. Rd3 f5 21. gxf6
Nxf6 22. Ng3 Nh5 23. Qg4 Nf4 24. Bxf4 exf4 25. Qe6+ Rf7 26. Ne2 Rc8 27. Nd4 Qc4
28. Qxc4 Rxc4 29. f3 Rc5 30. a4 Rh5 31. Nc6 Bf8 32. Rd5 Rh3 33. Rf1 Rc7 34.
Nxa5 Rxh2 35. Rc1 Rf2 36. Rd3 Ra7 37. Nc6 Rxa4 38. c3 bxc3 39. Rcxc3 Bg7 40.
Rb3 Rf1+ 41. Kc2 Rc4+ 0-1

[Event "19th William Addison mem"]
[Site "San Francisco"]
[Date "2019.06.21"]
[Round "1.4"]
[White "Palusa, Maurya"]
[Black "Li, Eric"]
[Result "0-1"]
[WhiteElo "1704"]
[BlackElo "2155"]
[PlyCount "66"]
[EventDate "2019.06.21"]
[EventType "swiss"]
[EventRounds "5"]
[EventCountry "USA"]

1. e4 c5 2. Nf3 d6 3. d4 cxd4 4. Nxd4 Nf6 5. Nc3 a6 6. Bg5 e6 7. f4 Be7 8. Qf3
Qc7 9. O-O-O Nbd7 10. g4 b5 11. Bxf6 Nxf6 12. g5 Nd7 13. f5 O-O 14. Qh5 b4 15.
Rd3 bxc3 16. Rxc3 Qb6 17. Nc6 Bf6 18. Rh3 h6 19. gxh6 Re8 20. fxe6 Ne5 21. hxg7
Bxg7 22. Qh7+ Kf8 23. Nxe5 Bxe6 24. Ng6+ fxg6 25. Rf3+ Bf5 26. Qxg6 Qxb2+ 27.
Kd1 Qa1+ 28. Kd2 Qc3+ 29. Rxc3 Bxc3+ 30. Kxc3 Bxg6 31. Bc4 Rxe4 32. Rf1+ Kg7
33. Bd5 Rc8+ 0-1

[Event "19th William Addison mem"]
[Site "San Francisco"]
[Date "2019.06.21"]
[Round "1.5"]
[White "Mallela, Abhishek"]
[Black "Shrivastav, Kunal"]
[Result "1-0"]
[WhiteElo "1996"]
[BlackElo "1412"]
[PlyCount "65"]
[EventDate "2019.06.21"]
[EventType "swiss"]
[EventRounds "5"]
[EventCountry "USA"]

1. Nf3 Nf6 2. d4 d5 3. c4 e6 4. Nc3 c6 5. e3 Nbd7 6. Qc2 Bd6 7. g4 O-O 8. Rg1
g6 9. h4 h5 10. gxh5 Nxh5 11. Bd3 Ng7 12. Ng5 Nf6 13. Bd2 e5 14. dxe5 Bxe5 15.
O-O-O Bf5 16. Bxf5 Nxf5 17. Nf3 Bxc3 18. Qxf5 Bxd2+ 19. Nxd2 Kh7 20. Qc2 Qa5
21. Kb1 dxc4 22. Rg5 Qd8 23. Nxc4 Qe7 24. Re5 Qc7 25. h5 Rfe8 26. hxg6+ fxg6
27. Rh1+ Kg7 28. Rg1 Qf7 29. Nd6 Rxe5 30. Nxf7 Kxf7 31. Qb3+ Ke8 32. Rxg6 Rf5
33. Qe6+ 1-0

[Event "19th William Addison mem"]
[Site "San Francisco"]
[Date "2019.06.21"]
[Round "1.6"]
[White "Mahesh, Tejas"]
[Black "Pinto, Mark"]
[Result "0-1"]
[WhiteElo "1698"]
[BlackElo "2082"]
[PlyCount "81"]
[EventDate "2019.06.21"]
[EventType "swiss"]
[EventRounds "5"]
[EventCountry "USA"]

1. d4 g6 2. c4 Bg7 3. e4 c5 4. d5 d6 5. Ne2 Nf6 6. Nbc3 O-O 7. Ng3 a6 8. Be2
Nbd7 9. O-O Ne8 10. Bg5 h6 11. Be3 Rb8 12. Qd2 Kh7 13. f3 e5 14. Bd3 Nc7 15.
Qe2 Nf6 16. a3 Bd7 17. b4 b6 18. Rfb1 Ng8 19. Rb2 h5 20. Rab1 Rc8 21. Qc2 h4
22. Nf1 Bh6 23. Bf2 h3 24. g3 Qf6 25. Be2 Qe7 26. Na4 Na8 27. bxc5 bxc5 28. Rb7
Rc7 29. Rxc7 Nxc7 30. Rb6 Ra8 31. Rb7 Bc8 32. Rb1 Ra7 33. Nb6 Bb7 34. a4 a5 35.
Qb3 Na6 36. Be1 Nb4 37. Bxb4 cxb4 38. c5 dxc5 39. d6 Qxd6 40. Qxf7+ Bg7 41. Bc4
0-1

[Event "19th William Addison mem"]
[Site "San Francisco"]
[Date "2019.06.22"]
[Round "2.1"]
[White "Pinto, Mark"]
[Black "Griffith, Kyron"]
[Result "0-1"]
[WhiteElo "2082"]
[BlackElo "2336"]
[PlyCount "100"]
[EventDate "2019.06.21"]
[EventType "swiss"]
[EventRounds "5"]
[EventCountry "USA"]

{[%evp 0,100,19,19,30,30,65,61,58,44,48,-4,23,10,4,-33,7,-18,14,12,14,18,2,3,6,
1,1,1,23,17,35,57,57,9,8,3,3,36,-10,0,43,54,40,-28,-28,-7,46,37,2024,901,1282,
-1059,-29,-74,-57,-80,-31,-80,-107,-99,-118,-106,-60,-84,-109,-70,-97,-88,-101,
-101,-106,-76,-76,-156,-135,-201,-160,-160,-161,-274,-283,-355,-318,-339,-339,
-341,-350,-354,-351,-354,-215,-220,-242,-242,-232,-230,-266,-323,-362,-496,
-603,-677,-711]} 1. d4 Nf6 2. Bf4 g6 3. Nc3 d5 4. e3 Bg7 5. h4 c5 6. Nb5 Na6 7.
a4 Bf5 8. c3 h5 9. Nf3 O-O 10. Be2 Ng4 11. Bd3 Qd7 12. Qb1 Bxd3 13. Qxd3 cxd4
14. exd4 Rfe8 15. O-O e5 16. Nxe5 Nxe5 17. Bxe5 Bxe5 18. dxe5 Rxe5 19. Rfe1
Rae8 20. Rxe5 Rxe5 21. Rd1 Qe7 22. b4 Re1+ 23. Rxe1 Qe5 24. Re2 Qxe2 25. Kh2
Qxf2 26. Qxd5 Qxh4+ 27. Kg1 Qe7 28. Qf3 Nb8 29. Nxa7 Nd7 30. Nb5 Qe1+ 31. Qf1
Qe3+ 32. Qf2 Qc1+ 33. Qf1 Qd2 34. Qf2 Qd1+ 35. Qf1 Qxa4 36. Qe2 Nf6 37. g3 Qa6
38. Qc4 Ng4 39. Qc8+ Kg7 40. Qc5 Qa2 41. Nd6 Qb1+ 42. Kg2 Qc2+ 43. Kf3 Qd3+ 44.
Kf4 Qf1+ 45. Ke4 Nf6+ 46. Kd4 Qf2+ 47. Kc4 Qxg3 48. Nxb7 h4 49. Nd8 Qg4+ 50.
Kb3 Qd1+ 0-1

[Event "19th William Addison mem"]
[Site "San Francisco"]
[Date "2019.06.22"]
[Round "2.2"]
[White "Ezra Paul Chambers"]
[Black "Mallela, Abhishek"]
[Result "1-0"]
[WhiteElo "2226"]
[BlackElo "1996"]
[PlyCount "67"]
[EventDate "2019.06.21"]
[EventType "swiss"]
[EventRounds "5"]
[EventCountry "USA"]

1. d4 d5 2. c4 e6 3. Nf3 Be7 4. g3 Nf6 5. Bg2 O-O 6. Qc2 Nbd7 7. O-O c6 8. Nbd2
b6 9. e4 Ba6 10. e5 Ne8 11. Rd1 Rc8 12. cxd5 cxd5 13. Qa4 Bd3 14. Re1 Qc7 15.
Nf1 Qc6 16. Qxc6 Rxc6 17. Bd2 Rc2 18. Bc3 b5 19. a3 a5 20. Ne3 b4 21. axb4 axb4
22. Nxc2 bxc3 23. bxc3 Bxc2 24. Ra7 Nxe5 25. Nxe5 Bd6 26. Nd7 Nc7 27. Nxf8 Kxf8
28. Rc1 Bd3 29. Bf1 Bxf1 30. Kxf1 Nb5 31. Rb7 Nc7 32. c4 dxc4 33. Rxc4 Ne8 34.
Rc8 1-0

[Event "19th William Addison mem"]
[Site "San Francisco"]
[Date "2019.06.22"]
[Round "2.3"]
[White "Das, Rohan"]
[Black "Jirasek, Ladia"]
[Result "0-1"]
[WhiteElo "1590"]
[BlackElo "2350"]
[PlyCount "120"]
[EventDate "2019.06.21"]
[EventType "swiss"]
[EventRounds "5"]
[EventCountry "USA"]

1. d4 Nf6 2. c4 g6 3. Nc3 Bg7 4. e4 O-O 5. Nf3 d6 6. Be2 e5 7. O-O Nc6 8. d5
Ne7 9. Ne1 Nd7 10. f3 f5 11. g4 f4 12. h4 Kh8 13. Kg2 Ng8 14. Rh1 Bf6 15. h5
Kg7 16. hxg6 hxg6 17. Nd3 Bh4 18. Bd2 g5 19. Be1 Bxe1 20. Qxe1 Nh6 21. Qf2 Rh8
22. c5 Nf8 23. Rac1 Bd7 24. b4 a6 25. a4 Ng6 26. b5 axb5 27. axb5 Nh4+ 28. Kf1
Qf6 29. Rg1 Ra5 30. c6 bxc6 31. bxc6 Bc8 32. Ke1 Ba6 33. Kd2 Bxd3 34. Kxd3 Rha8
35. Rb1 Qd8 36. Rb7 Rc5 37. Nb5 Ra5 38. Nxc7 Ra3+ 39. Kd2 Ra2+ 40. Kd3 Kg6 41.
Rgb1 Rcc2 42. R1b5 Rd2+ 43. Kc3 Rxe2 44. Qxe2 Rxe2 45. Na6 Qa8 46. R5b6 Ra2 47.
Rb8 Rxa6 48. Rxa8 Rxa8 49. c7 Rc8 50. Rxd6+ Kg7 51. Rd7+ Nf7 52. Kb4 Kf8 53.
Kb5 Nxf3 54. Kc6 Ke8 55. Rxf7 Kxf7 56. Kd7 Rxc7+ 57. Kxc7 Nd4 58. d6 Ne6+ 59.
Kc8 f3 60. d7 Ke7 0-1

[Event "19th William Addison mem"]
[Site "San Francisco"]
[Date "2019.06.22"]
[Round "2.4"]
[White "Li, Eric"]
[Black "Walder, Michael"]
[Result "1-0"]
[WhiteElo "2155"]
[BlackElo "1893"]
[PlyCount "71"]
[EventDate "2019.06.21"]
[EventType "swiss"]
[EventRounds "5"]
[EventCountry "USA"]

1. d4 Nf6 2. c4 e6 3. g3 c5 4. d5 exd5 5. cxd5 d6 6. Nc3 g6 7. Bg2 Bg7 8. Nf3
O-O 9. O-O Re8 10. Re1 Ne4 11. Nxe4 Rxe4 12. Qc2 Bf5 13. Bh3 Re5 14. Bxf5 Rxf5
15. g4 Rxd5 16. Qe4 Re5 17. Nxe5 Bxe5 18. Qxb7 Nd7 19. Bg5 Qe8 20. Rab1 Rb8 21.
Qd5 Rb4 22. h3 Nb6 23. Qf3 Qa4 24. Bh6 Bg7 25. Bxg7 Kxg7 26. Rbd1 Qxa2 27. Qc3+
Kh6 28. Rxd6 Qxb2 29. Qxc5 Nc4 30. Rd3 a5 31. Qf8+ Kg5 32. Qxf7 Ne5 33. Qe7+
Kh6 34. Rg3 Rb7 35. Qf8+ Rg7 36. Qa3 1-0

[Event "19th William Addison mem"]
[Site "San Francisco"]
[Date "2019.06.22"]
[Round "2.5"]
[White "Maiti, Milind"]
[Black "Penagalapati, Abhinav"]
[Result "1-0"]
[WhiteElo "2049"]
[BlackElo "1732"]
[PlyCount "61"]
[EventDate "2019.06.21"]
[EventType "swiss"]
[EventRounds "5"]
[EventCountry "USA"]

1. d4 d5 2. c4 dxc4 3. Nf3 c5 4. e3 cxd4 5. exd4 Bf5 6. Bxc4 Qc7 7. Qe2 Nf6 8.
Nc3 a6 9. O-O g6 10. Ne5 e6 11. Bg5 Nbd7 12. Nxd7 Nxd7 13. Nd5 Qc6 14. Nf6+
Nxf6 15. Bxf6 Rg8 16. d5 Qb6 17. g4 Bd6 18. gxf5 gxf5+ 19. Kh1 Rg6 20. Be5
O-O-O 21. Bxd6 Qxd6 22. dxe6 Rh6 23. f3 fxe6 24. Rad1 Qe7 25. Rxd8+ Qxd8 26.
Bxe6+ Kb8 27. Rd1 Qe7 28. Qe5+ Ka8 29. Qh8+ Ka7 30. Qd4+ Ka8 31. Qd8+ 1-0

[Event "19th William Addison mem"]
[Site "San Francisco"]
[Date "2019.06.22"]
[Round "2.6"]
[White "Badhe, Ronak"]
[Black "Lu, Joshua"]
[Result "0-1"]
[WhiteElo "1583"]
[BlackElo "1936"]
[PlyCount "84"]
[EventDate "2019.06.21"]
[EventType "swiss"]
[EventRounds "5"]
[EventCountry "USA"]

1. e4 c6 2. d4 d5 3. e5 Bf5 4. h4 h5 5. Nf3 e6 6. Bd3 Bxd3 7. Qxd3 Nd7 8. Nc3
Ne7 9. Ne2 c5 10. c3 Qb6 11. Nf4 cxd4 12. cxd4 Nc6 13. O-O Nb4 14. Qc3 Qc6 15.
Bd2 Nb6 16. a3 Qxc3 17. Bxc3 Nc6 18. Rac1 Be7 19. Ng5 Bxg5 20. hxg5 g6 21. Nd3
Na4 22. Nb4 Nxc3 23. bxc3 Na5 24. Nd3 Rc8 25. Nb2 Kd7 26. Rfd1 Rc6 27. f4 Rhc8
28. Na4 Rc4 29. Nc5+ Kc7 30. Rc2 b6 31. Nd3 Kb7 32. Rb2 Rxc3 33. a4 Kc7 34. Kf2
Ra3 35. Rc2+ Kd7 36. Rxc8 Kxc8 37. Nb2 Kb7 38. Rd3 Ra2 39. Rd2 Nb3 40. Rc2 Nxd4
41. Rd2 Nb3 42. Re2 Nc1 0-1

[Event "19th William Addison mem"]
[Site "San Francisco"]
[Date "2019.06.22"]
[Round "2.7"]
[White "Sivakumar, Shaaketh"]
[Black "Cole, Christopher J"]
[Result "0-1"]
[WhiteElo "1815"]
[BlackElo "1734"]
[PlyCount "100"]
[EventDate "2019.06.21"]
[EventType "swiss"]
[EventRounds "5"]
[EventCountry "USA"]

1. d4 Nf6 2. Bf4 d5 3. e3 c5 4. Nf3 Nc6 5. Nbd2 Bf5 6. c3 cxd4 7. exd4 e6 8.
Qb3 Qb6 9. Qxb6 axb6 10. Bb5 Be7 11. O-O O-O 12. h3 Rfc8 13. Bh2 Ne4 14. Nxe4
Bxe4 15. Nd2 Bc2 16. Rfc1 Ba4 17. Bd3 Na5 18. Nf3 Be8 19. Kf1 Nc4 20. b3 Nd6
21. Nd2 Nb5 22. Bxb5 Bxb5+ 23. c4 Ba6 24. a3 Bg5 25. f4 Bf6 26. Bg1 Rc6 27. Ke2
Rac8 28. Kd3 dxc4+ 29. bxc4 b5 30. c5 Rd8 31. Ke4 g5 32. fxg5 Bxg5 33. Be3 f5+
34. Kf3 Bf6 35. Nb3 Rcc8 36. Kf2 e5 37. dxe5 Bxe5 38. Ra2 Rd3 39. Rb1 f4 40.
Bc1 b4 41. Rd2 bxa3 42. Bxa3 Re3 43. Nd4 Rxa3 44. Nf5 Rc7 45. Rd8+ Kf7 46. Rbd1
Ke6 47. Nd6 Bxd6 48. cxd6 Rc2+ 49. Kg1 Raa2 50. Rg8 Rd2 0-1

[Event "19th William Addison mem"]
[Site "San Francisco"]
[Date "2019.06.22"]
[Round "2.8"]
[White "Pang, Ashley"]
[Black "Sivakumar, Shaashwath"]
[Result "1-0"]
[WhiteElo "1675"]
[BlackElo "1728"]
[PlyCount "234"]
[EventDate "2019.06.21"]
[EventType "swiss"]
[EventRounds "5"]
[EventCountry "USA"]

1. e4 c5 2. d4 cxd4 3. c3 Nf6 4. e5 Nd5 5. cxd4 d6 6. Bc4 Nb6 7. Bb3 dxe5 8.
dxe5 Qxd1+ 9. Bxd1 Nc6 10. f4 Bf5 11. Nc3 e6 12. Nf3 Bc5 13. a3 Rc8 14. Na4
Nxa4 15. Bxa4 O-O 16. b4 Bb6 17. Bxc6 Rxc6 18. Bd2 Rfc8 19. Ke2 Rc4 20. Rhe1
Rd8 21. Rac1 Bd3+ 22. Kd1 Rxc1+ 23. Kxc1 Bf2 24. Rh1 Be4 25. Rf1 Bb6 26. Ne1
Rc8+ 27. Kd1 Bd5 28. g4 Bb3+ 29. Ke2 Bc4+ 30. Nd3 Rd8 31. Rf3 Kf8 32. Bc3 Bg1
33. h4 Bb6 34. Kd2 Bd5 35. Rh3 Bg2 36. Rg3 Bc6 37. Ke2 Bb5 38. Rf3 Ke7 39. Kd2
Rd7 40. Kc2 Bc6 41. Rh3 Bg2 42. Rg3 Be4 43. Rh3 h5 44. gxh5 Bf5 45. Rg3 Bf2 46.
Rf3 Bxh4 47. Bd2 Kf8 48. Kc3 Rc7+ 49. Kb3 Bg4 50. Rf1 Rd7 51. Kc3 Be2 52. Nc5
Rxd2 53. Rh1 Ra2 54. Kb3 Rd2 55. Rxh4 b6 56. Ne4 Rd4 57. Nc3 Bc4+ 58. Kc2 Ba6
59. Kb3 Rd3 60. Kc2 Rf3 61. Rg4 Bd3+ 62. Kb2 Bf5 63. Rh4 Rf2+ 64. Kb3 a6 65.
Kc4 Rc2 66. Kb3 Ke7 67. Na4 Rc6 68. Nc3 Rc7 69. Kb2 Rd7 70. Na4 Rb7 71. Rh2 Be4
72. h6 gxh6 73. Rxh6 Bc6 74. Nc3 Rc7 75. Rh8 Bg2 76. Na4 Rc4 77. Rh4 b5 78. Nc3
Rd4 79. Kc2 Bf1 80. Rg4 Bd3+ 81. Kb2 Bf5 82. Rh4 Rd2+ 83. Ka1 Rc2 84. Na2 Rf2
85. Nc3 Rc2 86. Na2 Kd7 87. Rh1 Rf2 88. Rd1+ Kc7 89. Rd4 Rf3 90. Kb2 Bd3 91.
Nc1 Rf2+ 92. Ka1 Bc4 93. Kb1 Rf3 94. Kb2 Rf2+ 95. Kb1 Bd5 96. Ka1 Rc2 97. Kb1
Rc4 98. Rxc4+ Bxc4 99. Kc2 Kc6 100. Kd2 Kd5 101. Ke3 Bf1 102. Nd3 Kc4 103. Nc5
Kc3 104. Nxa6 Kb3 105. Kd4 Kxa3 106. Kc5 Ka4 107. Nc7 Bd3 108. Ne8 Bg6 109. Nd6
Bd3 110. Nxf7 Bc4 111. Nd8 Bb3 112. Nc6 Ba2 113. Nd4 Bc4 114. f5 exf5 115. Nxf5
Kb3 116. Nd4+ Kc3 117. e6 Kd3 1-0

[Event "19th William Addison mem"]
[Site "San Francisco"]
[Date "2019.06.22"]
[Round "2.9"]
[White "Senthilkumar, Pranav"]
[Black "Winslow, Elliott"]
[Result "1-0"]
[WhiteElo "1878"]
[BlackElo "2175"]
[PlyCount "75"]
[EventDate "2019.06.21"]
[EventType "swiss"]
[EventRounds "5"]
[EventCountry "USA"]

1. e4 d6 2. d4 Nf6 3. Nc3 g6 4. Nf3 Bg7 5. Be2 c6 6. O-O O-O 7. h3 Qc7 8. Bf4
Nh5 9. Bh2 e5 10. d5 c5 11. Nd2 Nf4 12. Bxf4 exf4 13. Nc4 Bxc3 14. bxc3 Qe7 15.
Re1 Nd7 16. Bg4 Ne5 17. Nxe5 Qxe5 18. Bxc8 Raxc8 19. Qd3 Rce8 20. f3 Re7 21.
Rab1 Rc8 22. c4 Kg7 23. c3 g5 24. Re2 h5 25. Kf2 f6 26. a4 Kf8 27. Reb2 Rcc7
28. Rb3 Ke8 29. R1b2 Kd8 30. Qb1 Kc8 31. a5 a6 32. Qc2 f5 33. Rb6 fxe4 34. Qxe4
Qxc3 35. Qf5+ Kb8 36. Qf8+ Rc8 37. Qxe7 Qd4+ 38. Kf1 1-0

[Event "19th William Addison mem"]
[Site "San Francisco"]
[Date "2019.06.22"]
[Round "2.10"]
[White "Shrivastav, Kunal"]
[Black "Wong, Russell"]
[Result "1-0"]
[WhiteElo "1412"]
[BlackElo "1907"]
[PlyCount "63"]
[EventDate "2019.06.21"]
[EventType "swiss"]
[EventRounds "5"]
[EventCountry "USA"]

1. e4 e6 2. d4 d5 3. Nd2 c5 4. c3 Nc6 5. Ne2 Nf6 6. e5 Nd7 7. Nf3 Be7 8. g3 O-O
9. Bg2 b5 10. O-O Ba6 11. Re1 b4 12. Nf4 Rb8 13. Bd2 Qb6 14. Rc1 bxc3 15. Bxc3
c4 16. a3 Bb5 17. h4 Qd8 18. Nh2 Nb6 19. Qg4 Kh8 20. Nf3 Rg8 21. Ng5 Bxg5 22.
hxg5 g6 23. Bf3 Na4 24. Kg2 Nxc3 25. bxc3 Ba4 26. Rh1 Rg7 27. Rh4 Ne7 28. Rch1
Nf5 29. R4h2 Rb2 30. Ne2 Qe7 31. Qh3 h6 32. Qxh6+ 1-0

[Event "19th William Addison mem"]
[Site "San Francisco"]
[Date "2019.06.22"]
[Round "3.1"]
[White "Griffith, Kyron"]
[Black "Li, Eric"]
[Result "1-0"]
[WhiteElo "2336"]
[BlackElo "2155"]
[PlyCount "89"]
[EventDate "2019.06.21"]
[EventType "swiss"]
[EventRounds "5"]
[EventCountry "USA"]

1. e4 c5 2. Nf3 d6 3. d4 cxd4 4. Nxd4 Nf6 5. Nc3 a6 6. Nb3 g6 7. Be2 Bg7 8. O-O
O-O 9. Re1 Nc6 10. Bf1 Bd7 11. a4 Rc8 12. a5 Ne5 13. Nd5 Nxd5 14. exd5 Nc4 15.
c3 Re8 16. Re4 Bb5 17. Ra2 e6 18. dxe6 fxe6 19. Nd4 Bxd4 20. Rxd4 d5 21. h4 Qf6
22. Bg5 Qg7 23. b3 Ne5 24. Bxb5 axb5 25. Qe1 Nf7 26. Bc1 Nd6 27. Re2 Nf5 28.
Rd3 Qf7 29. Rf3 Qd7 30. h5 Ng7 31. hxg6 hxg6 32. Rf6 Kh7 33. Re3 Nh5 34. Rfxe6
Rxe6 35. Rxe6 Ng7 36. Re7 Re8 37. Rxe8 Nxe8 38. Qe3 Qf7 39. Qc5 Nf6 40. Be3 Ne4
41. Qc8 Nd6 42. Qh3+ Kg8 43. Bd4 Qe8 44. Qh8+ Kf7 45. Qf6+ 1-0

[Event "19th William Addison mem"]
[Site "San Francisco"]
[Date "2019.06.22"]
[Round "3.2"]
[White "Lee, Addison"]
[Black "Ezra Paul Chambers"]
[Result "0-1"]
[WhiteElo "1931"]
[BlackElo "2226"]
[PlyCount "60"]
[EventDate "2019.06.21"]
[EventType "swiss"]
[EventRounds "5"]
[EventCountry "USA"]

1. d4 d5 2. c4 c6 3. Nf3 Nf6 4. Nc3 a6 5. c5 Bf5 6. h3 Nbd7 7. g4 Bg6 8. Bf4 e6
9. Nh4 Be7 10. Nxg6 hxg6 11. e3 b6 12. cxb6 Qxb6 13. Rb1 O-O 14. Be2 c5 15. O-O
cxd4 16. exd4 Ne8 17. Na4 Qd8 18. b4 Bd6 19. Qd2 Bxf4 20. Qxf4 Nb6 21. Nxb6
Qxb6 22. Rfc1 Nd6 23. Bd3 Rac8 24. a4 Rxc1+ 25. Rxc1 Qxb4 26. Rb1 Qa3 27. Bxa6
Ne4 28. Bb5 Qxh3 29. Bf1 Qa3 30. f3 g5 0-1

[Event "19th William Addison mem"]
[Site "San Francisco"]
[Date "2019.06.22"]
[Round "3.3"]
[White "Lu, Joshua"]
[Black "McCambridge, Vincent"]
[Result "1/2-1/2"]
[WhiteElo "1936"]
[BlackElo "2319"]
[PlyCount "63"]
[EventDate "2019.06.21"]
[EventType "swiss"]
[EventRounds "5"]
[EventCountry "USA"]

1. c4 e5 2. Nc3 Nc6 3. g3 g6 4. Bg2 Bg7 5. d3 Nge7 6. Nf3 O-O 7. O-O d6 8. Rb1
f5 9. Nd2 Be6 10. Nd5 a5 11. a3 Qd7 12. b4 axb4 13. axb4 h6 14. b5 Nd8 15. b6
c6 16. Nc7 Rc8 17. Nxe6 Nxe6 18. e4 Kh7 19. Bb2 Ra8 20. Qc2 Ra2 21. Ra1 Rfa8
22. Rxa2 Rxa2 23. Ra1 Rxa1+ 24. Bxa1 Qd8 25. Qb1 Qa8 26. Bc3 Qa6 27. Bb4 Nc5
28. Bxc5 dxc5 29. Bh3 Qa5 30. Qb2 Bf6 31. f4 Qb4 32. Qxb4 1/2-1/2

[Event "19th William Addison mem"]
[Site "San Francisco"]
[Date "2019.06.22"]
[Round "3.4"]
[White "Jirasek, Ladia"]
[Black "Ai, Evan"]
[Result "1-0"]
[WhiteElo "2350"]
[BlackElo "1874"]
[PlyCount "73"]
[EventDate "2019.06.21"]
[EventType "swiss"]
[EventRounds "5"]
[EventCountry "USA"]

1. e4 c5 2. Nc3 Nc6 3. Nge2 Nf6 4. d4 cxd4 5. Nxd4 d6 6. Bg5 e6 7. Qd2 Be7 8.
O-O-O Nxd4 9. Qxd4 Bd7 10. f4 Bc6 11. Be2 O-O 12. Kb1 h6 13. h4 Qb6 14. Qd3 d5
15. Qg3 d4 16. Bxh6 Ne8 17. Nd5 exd5 18. e5 Bd7 19. Bg5 f6 20. Bf3 fxg5 21.
hxg5 Nc7 22. g6 Rxf4 23. Qxf4 Qxg6 24. Bh5 Qf5 25. Qh2 Bg5 26. Rdf1 d3 27. Rxf5
dxc2+ 28. Kxc2 Bxf5+ 29. Kd1 Ne6 30. Bg6 Bg4+ 31. Kc2 Bh6 32. Qh4 Nd4+ 33. Kb1
Bf5+ 34. Bxf5 Nxf5 35. Qg4 Ne3 36. Qe6+ Kh7 37. g4 1-0

[Event "19th William Addison mem"]
[Site "San Francisco"]
[Date "2019.06.22"]
[Round "3.5"]
[White "Winslow, Elliott"]
[Black "Ostrovsky, Sergey"]
[Result "1/2-1/2"]
[WhiteElo "2175"]
[BlackElo "1972"]
[PlyCount "61"]
[EventDate "2019.06.21"]
[EventType "swiss"]
[EventRounds "5"]
[EventCountry "USA"]

1. d4 d5 2. c4 c6 3. Nf3 Nf6 4. Nc3 e6 5. e3 Nbd7 6. Bd3 Bd6 7. O-O O-O 8. e4
dxe4 9. Nxe4 Nxe4 10. Bxe4 h6 11. Bd2 e5 12. Bc2 exd4 13. Nxd4 Bxh2+ 14. Kxh2
Qh4+ 15. Kg1 Qxd4 16. Bb4 Qxd1 17. Raxd1 c5 18. Ba3 b6 19. Rfe1 Nf6 20. b4 Be6
21. bxc5 bxc5 22. Bxc5 Rfc8 23. Bd4 Bxc4 24. Bxf6 gxf6 25. Be4 Rab8 26. Rd7 Re8
27. Re3 Bxa2 28. Rxa7 Be6 29. Rf3 Kg7 30. Rg3+ Kh8 31. Rf3 1/2-1/2

[Event "19th William Addison mem"]
[Site "San Francisco"]
[Date "2019.06.22"]
[Round "3.6"]
[White "Cole, Christopher J"]
[Black "Maiti, Milind"]
[Result "0-1"]
[WhiteElo "1734"]
[BlackElo "2049"]
[PlyCount "104"]
[EventDate "2019.06.21"]
[EventType "swiss"]
[EventRounds "5"]
[EventCountry "USA"]

1. e4 c5 2. Nf3 e6 3. d4 cxd4 4. Nxd4 a6 5. c4 Nf6 6. Nc3 Qc7 7. Bd3 Be7 8. O-O
O-O 9. Qe2 d6 10. Be3 Nbd7 11. Rac1 b6 12. b3 Bb7 13. f3 Rac8 14. Rfd1 Qb8 15.
Qf2 Rfe8 16. Bf1 Bd8 17. Na4 Bc7 18. g3 d5 19. exd5 exd5 20. c5 bxc5 21. Nxc5
Nxc5 22. Rxc5 Bd6 23. Rxc8 Qxc8 24. Rc1 Qb8 25. Nf5 Be5 26. Bd4 h5 27. Qd2 Bc8
28. Bxe5 Qxe5 29. Nd4 h4 30. Qf2 Nh5 31. f4 Qe4 32. Nf3 hxg3 33. hxg3 Qg6 34.
Kh2 Nf6 35. Ne5 Rxe5 36. Rxc8+ Kh7 37. Qc2 Rh5+ 38. Kg2 Ne4 39. Qd3 Rh3 40. Rc3
Rxg3+ 41. Qxg3 Nxg3 42. Rxg3 Qc2+ 43. Kh3 Qxa2 44. Bd3+ Kg8 45. Kg4 a5 46. Re3
g6 47. Be2 d4 48. Re8+ Kg7 49. Bc4 Qg2+ 50. Kh4 d3 51. Bxd3 f5 52. Be2 Qh2+ 0-1

[Event "19th William Addison mem"]
[Site "San Francisco"]
[Date "2019.06.22"]
[Round "3.7"]
[White "Uzzaman, Ashik"]
[Black "McKellar, Daniel"]
[Result "1/2-1/2"]
[WhiteElo "1926"]
[BlackElo "1807"]
[PlyCount "40"]
[EventDate "2019.06.21"]
[EventType "swiss"]
[EventRounds "5"]
[EventCountry "USA"]

1. e4 c5 2. Nc3 g6 3. f4 Nc6 4. Nf3 Bg7 5. Bb5 Nd4 6. O-O Nxb5 7. Nxb5 Nf6 8.
e5 Ng8 9. c4 Nh6 10. d4 a6 11. Nc3 cxd4 12. Nxd4 d6 13. Kh1 dxe5 14. fxe5 Nf5
15. Nxf5 Bxf5 16. Qb3 Be6 17. Qxb7 Qc8 18. Qxc8+ Rxc8 19. b3 Bxe5 20. Bb2 O-O
1/2-1/2